Benelux Cities Map Quiz - Statistics

General Stats
  • This quiz has been taken 256 times
  • The average score is 7 of 10
Answers on the Map
Answers color-coded by a green-red scale on the quiz's map according to % correct below.
 
Answer Stats
Answer % Correct
Luxembourg
92%
Brussels
88%
Amsterdam
83%
Antwerp
75%
Eindhoven
72%
Bruges
69%
Groningen
68%
The Hague
65%
Rotterdam
61%
Ghent
59%
No matching quizzes found
Score Distribution
Percent of People with Each Score
Percentile by Number Answered
Your Score History
You have not taken this quiz